Responses for Show #2485 - Friday, May 26, 1995

Contestants

[<< previous game]

Jane Orenstein, an attorney from Long Beach, California

Mike Hiltzik, a journalist from Los Angeles, California

Jeff Hall, a student teacher from Lemoore, California (whose 1-day cash winnings total $14,600)

[next game >>]

Jeopardy! Round responses

1958
ACTORS & ACTRESSES
AROUND THE WORLD
LIBRARIES
THE WHITE HOUSE
12-LETTER WORDS
    $100 19
(Jane: Who is Jackie Presser?)

Jimmy Hoffa

MikeJane
    $100 3
Greta Garbo

Jane
    $100 1
Edinburgh

Mike
    $100 2
(Jane: What is North Dakota?)

South Dakota

MikeJane
    $100 10
the Oval Office

Jeff
    $100 24
the intermission

Jeff
    $200 20
Lourdes

Mike
    $200 4
Wallace Beery

Jane
    $200 8
Australia

Jeff
    $200 9
Princeton

Jeff
    $200 11
(Jane: What is the, um, oh...)

the Jackie Kennedy Garden

JeffJane
    $200 27
a kindergarten

Jeff
    $300 21
(Jane: What are World War I and World War II?)

World War II and the Korean War

JeffJane
    $300 5
Bette Davis

Mike
    $300 12
Europe

Mike
    $500 18
the New York Public Library

Jeff
    $300 13
the Lincoln Bedroom

Jeff
    $300 28
fermentation

Mike
    $400 22
the Hope Diamond

Mike
    $400 6
Maurice Chevalier

Mike
    $400 16
German

Jane
    $400 25
Spain

Jane
    $400 14
Gilbert Stuart

Mike
    $400 29
an amphitheater

Jeff
    $500 23
(Jeff: Who is Shackleton?)

Sir Edmund Hillary

Jeff
Triple Stumper
    $500 7
José Ferrer

Jane
    $500 17
India

Jeff
    $500 26
Notre Dame

Jeff
    $500 15
(Jane: What is the East Room?)

the State Dining Room

JeffJane
    $500 30
anthropology

Jeff

Scores at the first commercial break (after clue 15):

Jeff Mike Jane
$1,500 $1,600 $0

Scores at the end of the Jeopardy! Round:

Jeff Mike Jane
$4,000 $2,600 $400

Double Jeopardy! Round responses

HISTORY
MAMMALS
ANCIENT PLACES
INDIANS
JUST DESSERTS
AUTHORS
    $200 8
Juan Perón

Mike
    $200 17
the elephant

Jane
    $200 2
Gaul

Mike
    $200 25
Red

Jeff
    $200 1
Boston

Jeff
    $200 3
(Jane: What is Alice in Wonderland?)

Lewis Carroll

JeffJane
    $400 13
Peter (the Great)

Jeff
    $400 18
the hyena

Jeff
    $400 4
Troy

Jeff
    $400 26
(Alex: With Less than a minute to go.)

the nickel

Jane
    $400 22
sherbet

Mike
    $400 9
China

Triple Stumper
    $600 14
Mexico

Jeff
    $600 19
caribou

Jeff
    $600 5
(Jeff: What is Ur?)

Babylon

Jeff
Triple Stumper
    $600 29
the ghost dance

Jeff
    $600 23
(Jeff: What's a tree?)

a log

Jeff
Triple Stumper
    $1,200 10
Thomas Hardy

Mike
    $800 15
(Jane: What is Morocco?)

Egypt

Jane
Triple Stumper
    $800 20
a dugong

Jeff
    $800 6
Knossos

Jeff
    $800 30
Tammany

Mike
    $800 24
baked Alaska

Jeff
    $800 11
(Jeff: Who is Ibsen?)

Strindberg

JeffMike
    $1000 16
Dresden

Jeff
    $1000 21
an ermine

Mike
    $1,500 7
Philippi

Jeff
    $1000 28
(Mike: What is the Yanqui?)

the Yaqui

JeffMike
    $1000 27
raspberry

Jane
    $1000 12
Thomas Mann

Jeff

Scores at the end of the Double Jeopardy! Round:

Jeff Mike Jane
$12,500 $6,200 $1,000
(lock game)

[wagering suggestions for these scores]

Final Jeopardy! Round responses

ISLANDS
JaneWhat is Bikini?
$999
MikeWhat is Bikini?
$4,199
JeffWhat is ?
$0
Bikini (Atoll)

Final scores:

Jeff Mike Jane
$12,500 $10,399 $1,999
2-day champion: $27,100 2nd place: stay at Quail Lodge in Carmel & Samsung camcorder + Jeopardy! Sports Edition for home computer or Super Nintendo 3rd place: Pinseeker golf clubs + Jeopardy! Sports Edition for home computer or Super Nintendo

Game dynamics:

Coryat scores:

Jeff Mike Jane
$11,800 $5,600 $1,000
30 R
(including 2 DDs),
4 W
17 R
(including 1 DD),
1 W
8 R,
7 W

Combined Coryat: $18,400

[game clues] [game scores] [suggest correction]

Game tape date: 1995-01-18
The J! Archive is created by fans, for fans. Scraping, republication, monetization, and malicious use prohibited; this site may use cookies and collect identifying information. See terms. The Jeopardy! game show and all elements thereof, including but not limited to copyright and trademark thereto, are the property of Jeopardy Productions, Inc. and are protected under law. This website is not affiliated with, sponsored by, or operated by Jeopardy Productions, Inc. Join the discussion at JBoard.tv.